[Event "Maharashtra State-ch U25"]
[Site "Nasik"]
[Date "2018.08.10"]
[Round "4"]
[White "Wankhede, Avishkar"]
[Black "Phatak, Aanjaneya"]
[Result "1-0"]
[WhiteElo "1801"]
[BlackElo "1625"]
[PlyCount "113"]
[EventDate "2018.08.09"]
[EventType "swiss"]
[EventRounds "9"]
[EventCountry "IND"]
[SourceTitle "CBM 186 Extra"]
[Source "ChessBase"]
[SourceDate "2018.08.24"]
[SourceVersion "1"]
[SourceVersionDate "2018.08.24"]
[SourceQuality "1"]

1. d4 d5 2. c4 e6 3. Nf3 Nf6 4. g3 Bb4+ 5. Bd2 Bd6 6. Nc3 b6 7. Bg2 Bb7 8. Bg5 h6 9. Bxf6 Qxf6 10. 0-0 0-0 11. e3 a6 12. Nd2 c6 13. Rb1 b5 14. c5 Bc7 15. f4 a5 16. Qf3 Ba6 17. Rfe1 Nd7 18. Nd1 a4 19. Nf2 g6 20. Nd3 Ba5 21. Qf2 b4 22. Bf1 b3 23. axb3 axb3 24. Red1 Bxd2 25. Qxd2 Qf5 26. Nb4 Bxf1 27. Rxf1 Rfe8 28. Ra1 Rxa1 29. Rxa1 Nf6 30. Qd3 Qh5 31. Kg2 Kf8 32. h3 Ne4 33. Ra6 g5 34. Nxc6 gxf4 35. exf4 Qxh3+ 36. Kxh3 Nf2+ 37. Kh4 Nxd3 38. Na5 Nxb2 39. Nxb3 Nc4 40. Na5 Ne3 41. g4 Nc2 42. Nb3 Ke7 43. Ra2 Nb4 44. Ra7+ Kf8 45. Kh5 Rb8 46. Na5 Rc8 47. g5 hxg5 48. fxg5 Kg7 49. g6 Rf8 50. c6 Rc8 51. Rxf7+ Kg8 52. Kh6 e5 53. dxe5 d4 54. Rg7+ Kf8 55. Rd7 Nxc6 56. Nxc6 Rxc6 57. Kh7 1-0

[Event "Maharashtra State-ch U25"]
[Site "Nasik"]
[Date "2018.08.09"]
[Round "1"]
[White "Rahatal, Sarthak"]
[Black "Wankhede, Avishkar"]
[Result "0-1"]
[WhiteElo "1132"]
[BlackElo "1801"]
[PlyCount "78"]
[EventDate "2018.08.09"]
[EventType "swiss"]
[EventRounds "9"]
[EventCountry "IND"]
[SourceTitle "CBM 186 Extra"]
[Source "ChessBase"]
[SourceDate "2018.08.24"]
[SourceVersion "1"]
[SourceVersionDate "2018.08.24"]
[SourceQuality "1"]

1. e4 c5 2. Nf3 e6 3. Nc3 a6 4. a3 Nc6 5. Bc4 b5 6. Ba2 Nf6 7. d3 Qc7 8. Bg5 Be7 9. 0-0 0-0 10. Re1 d6 11. Qe2 Bd7 12. Rad1 Rab8 13. d4 cxd4 14. Nxd4 Na5 15. Nb3 Nc4 16. Rb1 Nxa3 17. bxa3 Qxc3 18. Bf4 Rbc8 19. Rec1 d5 20. exd5 Nxd5 21. Be5 Qc6 22. Bb2 Nc3 23. Bxc3 Qxc3 24. Qd3 Qxd3 25. cxd3 Bxa3 26. Rd1 Rc2 27. Ra1 Bb2 28. Rab1 Bf6 29. Nc1 Bd4 30. Rf1 Rfc8 31. Bb3 Bxf2+ 32. Kh1 Rd2 33. Bd1 Bb6 34. Ra1 Bc6 35. Bf3 Bxf3 36. gxf3 Rcc2 37. Rf2 Rxf2 38. Kg1 Rfd2+ 39. Kh1 Rd1# 0-1

[Event "Mumbai Wealth op 3rd"]
[Site "Mumbai"]
[Date "2018.01.01"]
[Round "3"]
[White "Wankhede, Avishkar"]
[Black "Rahman, Ziaur"]
[Result "0-1"]
[WhiteElo "1838"]
[BlackElo "2485"]
[PlyCount "118"]
[EventDate "2017.12.30"]
[EventType "swiss"]
[EventRounds "9"]
[EventCountry "IND"]
[SourceTitle "CBM 182 Extra"]
[Source "ChessBase"]
[SourceDate "2018.02.23"]
[SourceVersion "1"]
[SourceVersionDate "2018.02.23"]
[SourceQuality "1"]

1. d4 g6 2. Nf3 Bg7 3. c4 d6 4. Nc3 Nf6 5. e4 0-0 6. Be2 e5 7. 0-0 Nc6 8. d5 Ne7 9. Ne1 Nd7 10. Be3 f5 11. f3 f4 12. Bf2 g5 13. g4 h5 14. h3 Rf7 15. Nd3 Bf8 16. c5 Ng6 17. cxd6 Bxd6 18. Nb5 Nf6 19. Nc5 Nf8 20. Kg2 b6 21. Nd3 Ng6 22. Nxd6 cxd6 23. Rc1 Qf8 24. Nb4 Rh7 25. Rh1 Bd7 26. Qd2 Qh6 27. Nc6 Rf7 28. a4 Nh4+ 29. Bxh4 gxh4 30. Kh2 hxg4 31. hxg4 Nh7 32. Rhg1 Ng5 33. Rc3 Be8 34. a5 bxa5 35. Ra3 h3 36. Qxa5 Rb7 37. Ra2 Kf8 38. Qd2 Rb6 39. Qc2 Qh4 40. Bd1 Rc8 41. Rxa7 Bxc6 42. dxc6 Rbxc6 43. Qe2 Rc4 44. Ra3 Rd4 45. Rc3 Rb8 46. Qc2 Kg7 47. Ra3 Kf6 48. Ra6 Rb5 49. b3 Rxb3 50. Qxb3 Qf2+ 51. Kh1 h2 52. Rg2 Qe1+ 53. Kxh2 Rxd1 54. Rxd6+ Rxd6 55. Ra2 Qg3+ 56. Kh1 Qh3+ 57. Kg1 Nxf3+ 58. Kf2 Qg3+ 59. Kf1 Qg1+ 0-1

[Event "IND-ch U25 26th"]
[Site "Port Blair"]
[Date "2017.07.17"]
[Round "7"]
[White "Wankhede, Avishkar"]
[Black "Nagare, Akhilesh"]
[Result "0-1"]
[WhiteElo "1668"]
[BlackElo "1862"]
[PlyCount "100"]
[EventDate "2017.07.13"]
[EventType "swiss"]
[EventRounds "9"]
[EventCountry "IND"]
[SourceTitle "EXT 2018"]
[Source "ChessBase"]
[SourceDate "2017.10.13"]
[SourceVersion "1"]
[SourceVersionDate "2017.10.13"]
[SourceQuality "1"]

1. d4 Nf6 2. Nf3 d5 3. c4 e6 4. Nc3 Bb4 5. e3 0-0 6. Bd3 c5 7. 0-0 Nc6 8. Ne2 cxd4 9. exd4 dxc4 10. Bxc4 b6 11. Bg5 Be7 12. a3 Bb7 13. Qd3 Na5 14. Ba2 Bd5 15. b4 Nc6 16. Rfd1 Bxa2 17. Rxa2 Nd5 18. Bd2 Bf6 19. Rc2 Nce7 20. Bf4 Nxf4 21. Nxf4 g6 22. Qe4 Rc8 23. Rdc1 Rxc2 24. Rxc2 Qd6 25. g3 Rd8 26. Ne2 Nf5 27. Rd2 a5 28. Qb1 axb4 29. Qxb4 Qd5 30. Qc3 Ra8 31. Rb2 Qd6 32. Rb4 Be7 33. Qb2 Rxa3 34. Rxb6 Qc7 35. Nd2 e5 36. Rb8+ Kg7 37. Nf1 Ra2 38. Qc3 Qxc3 39. Nxc3 Rc2 40. Nb5 Rb2 41. Rb7 Nxd4 42. Rxe7 Rxb5 43. Ra7 Rb2 44. Ne3 Nf3+ 45. Kg2 Ne1+ 46. Kf1 Nd3 47. Nd1 Rd2 48. Ra1 g5 49. h3 Kg6 50. Kg2 h5 0-1

[Event "IND-ch U25 26th"]
[Site "Port Blair"]
[Date "2017.07.16"]
[Round "6"]
[White "Wankhede, Avishkar"]
[Black "Kedar, Umesh Vaze"]
[Result "1-0"]
[WhiteElo "1668"]
[BlackElo "1864"]
[PlyCount "51"]
[EventDate "2017.07.13"]
[EventType "swiss"]
[EventRounds "9"]
[EventCountry "IND"]
[SourceTitle "EXT 2018"]
[Source "ChessBase"]
[SourceDate "2017.10.13"]
[SourceVersion "1"]
[SourceVersionDate "2017.10.13"]
[SourceQuality "1"]

1. d4 Nf6 2. c4 e6 3. Nf3 b6 4. g3 Bb7 5. Bg2 c5 6. d5 exd5 7. Nh4 Qc8 8. cxd5 d6 9. Nc3 a6 10. a4 Nbd7 11. 0-0 Ne5 12. f4 Ng6 13. Nxg6 hxg6 14. e4 Nd7 15. e5 dxe5 16. fxe5 Nxe5 17. Bf4 f6 18. Bxe5 fxe5 19. Be4 Qh3 20. Bxg6+ Kd8 21. Qc2 Be7 22. Rf7 c4 23. d6 Bg5 24. Rxb7 Be3+ 25. Kh1 Qxg3 26. Qg2 1-0

[Event "IND-ch U25 26th"]
[Site "Port Blair"]
[Date "2017.07.14"]
[Round "2"]
[White "Wankhede, Avishkar"]
[Black "Shubham, Lakudkar"]
[Result "0-1"]
[WhiteElo "1668"]
[BlackElo "2000"]
[PlyCount "94"]
[EventDate "2017.07.13"]
[EventType "swiss"]
[EventRounds "9"]
[EventCountry "IND"]
[SourceTitle "EXT 2018"]
[Source "ChessBase"]
[SourceDate "2017.10.13"]
[SourceVersion "1"]
[SourceVersionDate "2017.10.13"]
[SourceQuality "1"]

1. d4 Nf6 2. Nf3 g6 3. c4 Bg7 4. Nc3 d5 5. cxd5 Nxd5 6. Na4 0-0 7. e4 Nb6 8. h3 Qd6 9. a3 Nxa4 10. Qxa4 c5 11. dxc5 Qxc5 12. Be3 Qc7 13. Rc1 Qd6 14. Rd1 Qc7 15. Rc1 Nc6 16. b4 Qd6 17. Bc4 Ne5 18. Nxe5 Qxe5 19. Qc2 Bd7 20. f4 Qb2 21. Qxb2 Bxb2 22. Rb1 Bxa3 23. Rb3 Rfc8 24. Bd5 Bc1 25. Bxb7 Bxe3 26. Bxa8 Bb6 27. Rd3 Ba4 28. Ra3 Bb5 29. Ra1 Rxa8 30. Kd2 Rd8+ 31. Kc1 Be3+ 32. Kc2 Rd2+ 33. Kc3 Rxg2 34. h4 Bxf4 35. Rxa7 Be5+ 36. Kb3 Rb2+ 37. Ka3 Bc4 38. Ra8+ Kg7 39. b5 Rb3+ 40. Ka4 Bd6 41. Ra1 Rb4+ 42. Ka5 Rxb5+ 43. Ka4 Rb2 44. Rc8 Be6 45. Ra8 Be5 46. Rd8 Rb7 47. Ra8 Bxa1 0-1